Breve historia de Cristóbal Colón (Registro nro. 9193)
[ vista simple ]
| 000 -Cabecera | |
|---|---|
| Campo de control de longitud fija | 00702nam a22002657a 4500 |
| 005 - Fecha y hora de la última transacción | |
| Campo de control | 20231013151808.0 |
| 008 - Elementos de longitud fija--Información general | |
| Campo de control de longitud fija | 170403b xxu||||| |||| 00| 0 spa d |
| 020 ## - International Standard Book Number | |
| Número Internacional Estándar del Libro (ISBN) | 9788499673028 |
| 041 ## - Idioma | |
| Código de idioma | |
| 082 ## - Clasificación Decimal Dewey | |
| Número de clasificación | 970.015 G633b |
| 100 ## - Entrada principal--Autor personal | |
| Nombre personal | Gómez Gómez, Juan Ramón |
| 9 (RLIN) | 41807 |
| 245 ## - Título propiamente dicho | |
| Título | Breve historia de Cristóbal Colón |
| 260 ## - Pie de imprenta | |
| Lugar de publicación, distribución, etc. | España |
| 260 ## - Pie de imprenta | |
| Nombre del editor, distribuidor, etc. | Nowtilus |
| 260 ## - Pie de imprenta | |
| Fecha de publicación, distribución, etc. | 2012 |
| 300 ## - Descripción física | |
| Extensión | 288 páginas |
| 650 ## - Materia general | |
| Temática (materia general) | CRISTÓBAL COLÓN |
| 650 ## - Materia general | |
| Temática (materia general) | HISTORIA |
| 650 ## - Materia general | |
| Temática (materia general) | ESPAÑA |
| 650 ## - Materia general | |
| Temática (materia general) | JUVENTUD |
| 650 ## - Materia general | |
| Temática (materia general) | DESCUBRIMIENTOS Y EXPLORACIONES |
| 650 ## - Materia general | |
| Temática (materia general) | PROGRESOS TECNOLÓGICOS |
| 650 ## - Materia general | |
| Temática (materia general) | LEYENDAS |
| 942 ## - Punto de acceso adicional KOHA | |
| Tipo de ítem KOHA | Literatura |
| Fuente del sistema de clasificación o colocación | Dewey Decimal Classification |
| Signatura completa | Código de barras | Tipo de ítem |
|---|---|---|
| 970.015 G633b | 22025 | Literatura |